| 000 | 00728nam a22002657a 4500 | ||
|---|---|---|---|
| 001 | BR8801489 | ||
| 003 | BR-BrBNA | ||
| 005 | 20230928092853.0 | ||
| 007 | ta | ||
| 008 | 230509b bl.||||| |||| 00| 0 por d | ||
| 040 |
_aBR-BrBNA _bpor _cBiblioteca Nacional de Agricultura |
||
| 041 | _a(Por) | ||
| 072 | _aN20 | ||
| 090 | _ N20 BR8801489 | ||
| 110 | 1 |
_aCooperativa Regional dos Produtores de Acucar de Alagoas, Maceio (Brasil) _92916 |
|
| 245 | 1 | _aMotorista canavieiro [caminhao, transporte] | |
| 260 | 3 |
_aMaceio, AL (Brasil): _c1987. |
|
| 300 | _a91 p. | ||
| 500 | _a50 illus. | ||
| 650 | _aVEICULO | ||
| 650 | _aMOTOR DIESEL | ||
| 650 | _aMOTOMECANIZACAO | ||
| 909 |
_a202309 _bLucia _c55 _dLucia Elande |
||
| 942 | _cBK | ||
| 999 |
_c41693 _d41693 |
||